Reálie a lingvoreálie alebo o otázke kulturologického smerovania cudzojazyčnej edukácie
Pojmy reálie a lingvoreálie. Systém vyučovania reálií na slovenských vysokých školách je rozpracovaný pomerne dobre a má aj vyhovujúce učebnice. Učebnica ruských lingvoreálií určená pre Slovákov zatiaľ na Slovensku neexistuje. Z hľadiska súčasného kulturologického prístupu k lingvodidaktike cudzích...
Enregistré dans:
| Auteur principal: | |
|---|---|
| Format: | Chapitre de livre |
| Langue: | slovaque |
| Sujets: | |
| Tags: |
Pas de tags, Soyez le premier à ajouter un tag!
|
MARC
| LEADER | 00000nla$a2200000$$$4500 | ||
|---|---|---|---|
| 001 | 0149190 | ||
| 005 | 20240502072701.2 | ||
| 041 | 0 | |a slo | |
| 044 | |a SK | ||
| 245 | 1 | 0 | |a Reálie a lingvoreálie alebo o otázke kulturologického smerovania cudzojazyčnej edukácie |c Irina Dulebová |
| 520 | |a Pojmy reálie a lingvoreálie. Systém vyučovania reálií na slovenských vysokých školách je rozpracovaný pomerne dobre a má aj vyhovujúce učebnice. Učebnica ruských lingvoreálií určená pre Slovákov zatiaľ na Slovensku neexistuje. Z hľadiska súčasného kulturologického prístupu k lingvodidaktike cudzích jazykov je vypracovanie tejto učebnice mimoriadne aktuálne. | ||
| 610 | 2 | 0 | |a jazyky cudzie |
| 610 | 2 | 0 | |a ruština |
| 610 | 2 | 0 | |a história |
| 610 | 2 | 0 | |a výučba vedecká |
| 610 | 2 | 0 | |a kultúra |
| 610 | 2 | 0 | |a jazykoveda |
| 100 | 1 | |a Dulebová, Irina | |